Técnicas de producción cinematográfica /
Manual técnico sobre producción cinematográfica, que abarca los siguientes temas: fotografía, manejo de la cámara, lentes, filmación, laboratorio, sonido, edición, iluminación, efectos especiales, preproducción, producción, dirección. Incluye un glosario.
Guardado en:
| Autor principal: | |
|---|---|
| Formato: | Libro |
| Idioma: | Español |
| Publicado: |
México :
Limusa :
1993, c1993
|
| Temas: | |
| Etiquetas: |
Sin etiquetas, Sé el primero en etiquetar este registro!
|
MARC
| LEADER | 00000nam^a2200000^a^4500 | ||
|---|---|---|---|
| 001 | 000037412 | ||
| 005 | 20250521000000.0 | ||
| 009 | 20260310085426.133 | ||
| 020 | |a 968-18-4496-3 | ||
| 037 | |a Acervo ITESO - Biblioteca | ||
| 041 | |a ESP | ||
| 082 | |a 302. 235022 |b BER | ||
| 100 | |a Bernstein, Steven |e (autor) | ||
| 245 | 1 | 0 | |a Técnicas de producción cinematográfica / |c S. Bernstein ; tr. por Daniel Escribano Rodríguez, Claudio Ardisson Pérez. |
| 264 | 4 | |a México : |b Limusa : |c 1993, c1993 | |
| 300 | |a 339 p. | ||
| 336 | |a texto |b txt |2 rdacontenido | ||
| 337 | |a sin mediación |b n |2 rdamedio | ||
| 338 | |a volumen |b nc |2 rdasoporte | ||
| 500 | |a Traducción de: The Technique of Film Poduction | ||
| 520 | |a Manual técnico sobre producción cinematográfica, que abarca los siguientes temas: fotografía, manejo de la cámara, lentes, filmación, laboratorio, sonido, edición, iluminación, efectos especiales, preproducción, producción, dirección. Incluye un glosario. | ||
| 649 | |a XX | ||
| 650 | |a Producción Cinematográfica | ||
| 650 | |a Cine - |x Técnica | ||
| 650 | |a Medios Audiovisuales | ||
| 650 | |a Medios de Comunicación | ||
| 650 | |a Comunicación Visual | ||
| 650 | |a Comunicación Masiva | ||
| 910 | |a Fondo General | ||
| 920 | |a Impresos - Libros | ||
| 930 | |a Colección General | ||
| 905 | |a 101 | ||
| 901 | |a 0374120100 |b IT1 |c ACC |i 037412 |u 20250521 | ||
| 902 | |a https://opac.biblio.iteso.mx/vufind/Record/000037412 | ||